000 00557nam a2200229Ia 4500
003 OSt
005 20221005131928.0
006 a|||||r|||| 00| 0
007 ta
008 221004b |||||||| |||| 00| 0 tam d
024 _a47661
037 _cTextual
040 _aCRL
_cCRL
_btam
041 _2tam
_atam
082 _aO310j32, L5
100 _aSilum
_9640325
245 0 _aTamil-malayalam basha sahayi
260 _c1965
650 _aTAMIL LITERATURE
942 _hO310j32, L5
_cTEXL
_2cc
999 _c1061865
_d1061865